| 000 | 00642nam a22001337a 4500 | ||
|---|---|---|---|
| 040 | _cRUA | ||
| 082 | _aAGR DAN 2010 B074 Or.1 | ||
| 100 | _aDANG KOUCHMENG | ||
| 245 | _aDfferent of weed controls on eggplant at royal university of agriculture,(វិធានការកំចាត់ស្មៅចង្រៃផ្សេងៗនៅលើដំណាំត្រប់វែងនៅសាកលវិទ្យាល័យភូមិន្ទកសិកម្ម) | ||
| 260 |
_aPhnom Penh _bRUA _c2010 |
||
| 300 | _aviii, 46 | ||
| 856 | _uhttps://drive.google.com/file/d/1qymqGN9qRyX82Xws_NQaPoEz_h9UMTXk/view?usp=sharing | ||
| 942 | _cAGR | ||
| 999 |
_c1161 _d1161 |
||